000 00729nam a2200253Ia 4500
003 OSt
005 20221005090451.0
006 a|||||r|||| 00| 0
007 ta
008 221004b |||||||| |||| 00| 0 eng d
020 _a978 0 7190 6015 1 (pbk)
_c764.43
024 _a99101
037 _b556, 14/12/2009, Bhartiya Sahitya Bhawan
_cTextual
040 _aCRL
_cCRL
_beng
041 _2eng
_aeng
082 _aVv, P1
100 _aSteedman Carolyn
245 0 _aDust
260 _aNew York
_bManchester University Press U.S.A
_c2001
300 _axi, 195p.
_ccm.
650 _aHISTORY
942 _hVv, P1
_cTEXL
_2cc
999 _c995843
_d995843